| 000 | 01202nam a2200229Ia 4500 | ||
|---|---|---|---|
| 001 | L890-39588 | ||
| 003 | IT-CnALBA | ||
| 008 | 170116s9999||||xx |||||||||||||| ||und|| | ||
| 040 |
_aIT-CnALBA _cIT-CnALBA |
||
| 041 | _aITALIANO | ||
| 100 | _aSERRA FRANCO, DIR. RESPONS. | ||
| 245 | 0 | _aARCOBALENO DI UNA VITA. POESIE. | |
| 250 | _a1a ed. | ||
| 260 |
_aFIRENZE _bL'AUTORE LIBRI _c1999 [1° Ed.:1999 - Ed.Ling.Originale: 1999] |
||
| 300 | _a103 p. | ||
| 500 | _aCURATORE PROHEMIO EDITORIALE. CII COMPONIMENTI POETICI. NUOVO GIORNO. DI FRONTE ALLA MORTE. ESAUSTO VIANDANTE. RITRATTO. ATMOSFERA. RICORDO INDELEBILE. PERPLESSITA'. OTTOBRE. TRAMONTO. SETTEMBRE. PIOGGIA. ATTESA. SALUTO, ULTIMO. CARATTERE. VISIONE DI VENE | ||
| 501 | _aSocietà San Paolo EM - Piazza San Paolo, 14 - 12051 ALBA (CN) (non commercial uses only) ® Copyright 2017 | ||
| 520 | _aCURATORE PROHEMIO EDITORIALE. CII COMPONIMENTI POETICI. NUOVO GIORNO. DI FRONTE ALLA MORTE. ESAUSTO VIANDANTE. RITRATTO. ATMOSFERA. RICORDO INDELEBILE. PERPLESSITA'. OTTOBRE. TRAMONTO. SETTEMBRE. PIOGGIA. ATTESA. SALUTO, ULTIMO. CARATTERE. VISIONE DI VENE | ||
| 650 | _aLETTERATURE IN ALTRE LINGUE | ||
| 942 | _cBK | ||
| 957 | _71 | ||
| 999 |
_a44543 _bNO _g Copie: 1 _c298574 _d298574 |
||